MARC

LEADER 00000nam0a2200000 4500
001 302714
005 20231102001530.0
035 |a (RuTPU)RU\TPU\book\327923 
090 |a 302714 
100 |a 20150826d1973 m y0rusy50 ca 
101 0 |a rus 
102 |a RU 
105 |a a j 001zy 
200 1 |a Гидродинамические передачи  |e учебник для вузов  |f С. П. Стесин, Е. А. Яковенко 
210 |a Москва  |c Машиностроение  |d 1973 
215 |a 352 с.  |c ил. 
320 |a Библиогр.: с. 349-350. 
606 1 |a Гидравлические передачи  |2 stltpush  |3 (RuTPU)RU\TPU\subj\6495  |9 34371 
610 1 |a учебники 
610 1 |a теория 
610 1 |a классификация 
610 1 |a параметры 
610 1 |a гидродинамические муфты 
610 1 |a гидродинамические трансформаторы 
610 1 |a энергообмен 
610 1 |a гидромеханические передачи 
610 1 |a испытания 
610 1 |a конструкции 
610 1 |a примеры 
675 |a 62-585(075.8)  |v 4 
700 1 |a Стесин  |b С. П.  |g Савелий Павлович 
701 1 |a Яковенко  |b Е. А.  |g Елена Андреевна 
801 1 |a RU  |b 63413507  |c 20150826 
801 2 |a RU  |b 63413507  |c 20191214  |g RCR 
942 |c BK